Statistics for North America's Largest Airlines

Click here to take the quiz!

General Stats

  • This quiz has been taken 122 times
  • The average score is 34 of 40

Answer Stats

#Airline% Correct
200.7MAmerican Airlines
99%
1,569American Airlines
99%
6,700American Airlines
99%
350American Airlines
99%
322Delta Air Lines
96%
192.5MDelta Air Lines
96%
5,400Delta Air Lines
96%
1,349Delta Air Lines
96%
4,000Southwest Airlines
93%
754Southwest Airlines
93%
163.6MSouthwest Airlines
93%
100Southwest Airlines
93%
5,000United Airlines
92%
158.3MUnited Airlines
92%
1,380United Airlines
92%
342United Airlines
92%
1,500Air Canada
88%
182Air Canada
88%
50.9MAir Canada
88%
403Air Canada
88%
925JetBlue Airways
81%
253JetBlue Airways
81%
42.1MJetBlue Airways
81%
102JetBlue Airways
81%
111Frontier Airlines
80%
329Alaska Airlines
78%
45.8MAlaska Airlines
78%
1,200Alaska Airlines
78%
115Alaska Airlines
78%
29.3MSpirit Airlines
78%
119Spirit Airlines
78%
400Spirit Airlines
78%
21.9MAeromexico
75%
131Aeromexico
75%
600Aeromexico
75%
25.5MWestJet
71%
108WestJet
71%
177WestJet
71%
777WestJet
71%
177Allegiant Air
53%

Score Distribution

Percentile by Number Answered

Percent of People with Each Score

Your Score History

You have not taken this quiz